000 00496nam a2200181 i 4500
001 101710
003 ES-MaACL
005 20230906182949.0
007 t|
008 051021s1964 sp ||||1| spa d
100 1 _aMejía Vallejo, Manuel.
_979870
245 1 3 _aEl día señalado /
_cManuel Mejía Vallejo.
250 _a[1ª ed.].
260 _aBarcelona :
_bDestino,
_c1964.
300 _a259 p. ;
_c19 cm.
500 _3Premio Eugenio Nadal 1963
852 _aES-MaACL
_jC-25076
_bR.53634
999 _c101710
_d101710